[Event "Montcalm-ch"]
[Site "Quebec"]
[Date "2017.04.27"]
[Round "1"]
[White "Lessard, Claude"]
[Black "Lamontagne, Danny"]
[Result "1-0"]
[WhiteElo "2123"]
[BlackElo "1855"]
[PlyCount "57"]
[EventDate "2017.04.27"]
[EventType "tourn"]
[EventRounds "5"]
[EventCountry "CAN"]
[SourceTitle "EXT 2022"]
[Source "ChessBase"]
[SourceDate "2021.10.06"]
[SourceVersion "1"]
[SourceVersionDate "2021.10.06"]
[SourceQuality "1"]

1. Nf3 Nf6 2. g3 g6 3. Bg2 Bg7 4. d4 0-0 5. 0-0 d5 6. c4 c6 7. cxd5 cxd5 8. Nc3 Nc6 9. Ne5 Nxe5 10. dxe5 Ng4 11. Qxd5 Nxe5 12. Qc5 Nd7 13. Qb4 Nb6 14. Bg5 f6 15. Be3 Be6 16. Rfd1 Qc7 17. Nb5 Qc4 18. Qa5 Bf7 19. b3 Qxe2 20. Nd4 Qg4 21. Bxb7 Rad8 22. Bf3 Qc8 23. Nc6 Rxd1+ 24. Rxd1 Qb7 25. Qxa7 Qxa7 26. Nxa7 Nc8 27. Rd7 e5 28. Nb5 Ne7 29. Rxe7 1-0

[Event "Quebec Montcalm op 5 2016-17"]
[Site "Quebec"]
[Date "2017.03.02"]
[Round "3"]
[White "Stoyanova, Stela"]
[Black "Lamontagne, Danny"]
[Result "1-0"]
[WhiteElo "1558"]
[BlackElo "1896"]
[PlyCount "106"]
[EventDate "2017.02.16"]
[EventType "swiss"]
[EventRounds "5"]
[EventCountry "CAN"]
[SourceTitle "EXT 2022"]
[Source "ChessBase"]
[SourceDate "2021.10.06"]
[SourceVersion "1"]
[SourceVersionDate "2021.10.06"]
[SourceQuality "1"]

1. e4 d5 2. exd5 Qxd5 3. Nc3 Qa5 4. d4 Nf6 5. Bd2 c6 6. Ne4 Qd8 7. Nxf6+ gxf6 8. c3 Bf5 9. Bc4 Rg8 10. Qb3 e6 11. Nf3 Qc7 12. Nh4 Bg6 13. Nxg6 Rxg6 14. g3 Bd6 15. Be2 Qb6 16. Bh5 Qxb3 17. axb3 Rg8 18. Ke2 Nd7 19. c4 f5 20. Bf3 a6 21. Ra2 Nf6 22. Rha1 Ne4 23. Bxe4 fxe4 24. Ra5 f5 25. d5 exd5 26. cxd5 c5 27. Be3 Rc8 28. Rc1 Kd7 29. Ra4 Rge8 30. f3 exf3+ 31. Kxf3 Re5 32. Rh4 Re7 33. Rh6 Rf7 34. Rc4 b6 35. b4 b5 36. Rch4 cxb4 37. Rxh7 Rcf8 38. b3 Ke7 39. Bg5+ Kd7 40. Rxf7+ Rxf7 41. Rh8 Rg7 42. h4 Rg6 43. Rh7+ Kc8 44. Rf7 a5 45. Rxf5 a4 46. h5 a3 47. hxg6 a2 48. g7 a1Q 49. g8Q+ Kb7 50. Rf7+ Bc7 51. Rxc7+ Kxc7 52. Qd8+ Kb7 53. Qd7+ Kb6 1-0

[Event "Quebec Montcalm op 4 2015-16"]
[Site "Quebec"]
[Date "2016.01.14"]
[Round "1"]
[White "Abran, David"]
[Black "Lamontagne, Danny"]
[Result "1-0"]
[WhiteElo "1809"]
[BlackElo "1828"]
[PlyCount "43"]
[EventDate "2016.01.14"]
[EventType "swiss"]
[EventRounds "5"]
[EventCountry "CAN"]
[SourceTitle "EXT 2022"]
[Source "ChessBase"]
[SourceDate "2021.10.06"]
[SourceVersion "1"]
[SourceVersionDate "2021.10.06"]
[SourceQuality "1"]

1. c4 g6 2. Nc3 Bg7 3. g3 c5 4. Bg2 Nf6 5. Nf3 Nc6 6. d4 cxd4 7. Nxd4 0-0 8. 0-0 Nxd4 9. Qxd4 d6 10. Qd3 a6 11. e4 Qc7 12. Be3 Be6 13. Nd5 Bxd5 14. cxd5 Ng4 15. Rac1 Qa5 16. Bd4 Bxd4 17. Qxd4 Rac8 18. a3 Rc7 19. b4 e5 20. bxa5 Rxc1 21. Qb2 Rxf1+ 22. Bxf1 1-0

[Event "Quebec Montcalm op 1 2014-15"]
[Site "Quebec"]
[Date "2014.09.11"]
[Round "2"]
[White "Cote, Jean Francois"]
[Black "Lamontagne, Danny"]
[Result "0-1"]
[WhiteElo "1188"]
[BlackElo "1889"]
[PlyCount "94"]
[EventDate "2014.09.04"]
[EventType "swiss"]
[EventRounds "5"]
[EventCountry "CAN"]
[SourceTitle "EXT 2022"]
[Source "ChessBase"]
[SourceDate "2021.10.06"]
[SourceVersion "1"]
[SourceVersionDate "2021.10.06"]
[SourceQuality "1"]

1. c4 Nf6 2. Nc3 e6 3. g3 Bb4 4. Bg2 c5 5. Nf3 Nc6 6. 0-0 Bxc3 7. bxc3 0-0 8. d3 h6 9. Bf4 d6 10. e4 e5 11. Be3 Ng4 12. Qd2 Nxe3 13. Qxe3 Be6 14. Nh4 Qa5 15. Qc1 Ne7 16. f4 exf4 17. gxf4 f5 18. exf5 Nxf5 19. Nxf5 Bxf5 20. d4 Qc7 21. Bd5+ Kh8 22. Rf3 Rae8 23. Qd2 Be4 24. Rh3 Bxd5 25. cxd5 Re4 26. Rf1 cxd4 27. cxd4 Qf7 28. f5 Rg4+ 29. Kh1 Qxd5+ 30. Rff3 Rxf5 31. Qe3 Rxf3 32. Rxf3 Rg6 33. a3 Rf6 34. Kg2 Rxf3 35. Qxf3 Qxf3+ 36. Kxf3 Kg8 37. Ke4 Kf7 38. h4 g5 39. hxg5 hxg5 40. Kf5 g4 41. Kxg4 Ke6 42. Kf4 Kd5 43. Ke3 Kc4 44. Ke4 d5+ 45. Ke5 b5 46. Kd6 Kxd4 47. Kc6 Kc4 0-1

[Event "Charlesbourg Capablanca"]
[Site "Charlesbourg"]
[Date "2014.02.03"]
[Round "5"]
[White "Tremblay Alix, Eric"]
[Black "Lamontagne, Danny"]
[Result "1-0"]
[WhiteElo "1789"]
[BlackElo "1967"]
[PlyCount "141"]
[EventDate "2014.01.06"]
[EventType "swiss"]
[EventRounds "5"]
[EventCountry "CAN"]
[SourceTitle "EXT 2022"]
[Source "ChessBase"]
[SourceDate "2021.10.06"]
[SourceVersion "1"]
[SourceVersionDate "2021.10.06"]
[SourceQuality "1"]

1. c4 e5 2. Nc3 Nf6 3. Nf3 Nc6 4. g3 Bb4 5. Nd5 Ba5 6. Bg2 d6 7. b4 Bxb4 8. Nxb4 Nxb4 9. Qb3 Nc6 10. d3 h6 11. Bb2 0-0 12. Nd2 Bd7 13. Rb1 a5 14. 0-0 a4 15. Qa3 Qc8 16. Rfe1 Bh3 17. Bh1 Bd7 18. c5 d5 19. e3 Re8 20. f4 Rb8 21. Qxa4 Ra8 22. Qb3 d4 23. fxe5 dxe3 24. Rxe3 Be6 25. Nc4 Nd5 26. Ree1 Ncb4 27. a3 Nc6 28. Qc2 Qd7 29. Qf2 Rad8 30. Be4 Nce7 31. Rf1 Rf8 32. Ba1 Rb8 33. Qd4 Rfd8 34. Rf2 Qa4 35. Rbf1 Nf4 36. Bh7+ Kxh7 37. Qxf4 Qc6 38. Qe3 Kg8 39. Nd2 Bh3 40. Re1 Qg6 41. d4 Ra8 42. Nf3 Nd5 43. Qc1 Qa6 44. Bb2 Qg6 45. Nh4 Qe6 46. Ng2 Rd7 47. Nf4 Nxf4 48. Qxf4 g5 49. Qf6 Ra6 50. Qxe6 Bxe6 51. Rf6 Kg7 52. h4 g4 53. Re4 h5 54. Bc1 Bc4 55. Rxa6 Bxa6 56. Kf2 Bd3 57. Rf4 Bg6 58. Ke3 Re7 59. Kd2 Re6 60. Kc3 Kf8 61. Rf6 Ke7 62. Bg5 Kd7 63. Rf2 Ra6 64. Kb4 c6 65. Rf6 Ra8 66. Rd6+ Ke8 67. Bf6 Bf5 68. Bg5 Be6 69. a4 Bf5 70. Rh6 Bg6 71. Rh8+ 1-0

[Event "Charlesbourg Millenium"]
[Site "Charlesbourg"]
[Date "2013.10.21"]
[Round "3"]
[White "Lamontagne, Danny"]
[Black "Tremblay, Rejean"]
[Result "0-1"]
[WhiteElo "2024"]
[BlackElo "2087"]
[PlyCount "104"]
[EventDate "2013.10.07"]
[EventType "swiss"]
[EventRounds "5"]
[EventCountry "CAN"]
[SourceTitle "EXT 2022"]
[Source "ChessBase"]
[SourceDate "2021.10.06"]
[SourceVersion "1"]
[SourceVersionDate "2021.10.06"]
[SourceQuality "1"]

1. e4 e6 2. d4 d5 3. Nc3 Bb4 4. e5 Qd7 5. f4 b6 6. a3 Bxc3+ 7. bxc3 Ba6 8. Bxa6 Nxa6 9. Qd3 Nb8 10. Nf3 Nc6 11. 0-0 Nge7 12. a4 h5 13. Nh4 g6 14. Qb5 Na5 15. Qd3 Nc4 16. Nf3 a5 17. Nd2 Qc6 18. Qf3 0-0-0 19. Kh1 Kb7 20. Nxc4 dxc4 21. Qxc6+ Kxc6 22. Bd2 Nd5 23. Rab1 Kb7 24. Rfd1 c6 25. Kg1 Ka6 26. Rb2 Rb8 27. Ra1 Rb7 28. Kf2 Ra8 29. Rba2 Rba7 30. h3 Kb7 31. Rb1 Ra6 32. g3 Nc7 33. Kf3 Rd8 34. Ke2 b5 35. Ke3 Kb6 36. Ke4 Raa8 37. Be3 Nd5 38. Bd2 Rdb8 39. Rab2 Ka6 40. Be1 Rb6 41. Kf3 bxa4 42. Rxb6+ Nxb6 43. Ra1 Rd8 44. Ke2 Rd5 45. Bd2 Rb5 46. Bc1 Nd5 47. Kd2 h4 48. gxh4 Rb8 49. Rxa4 Kb5 50. Ra1 Rh8 51. Rb1+ Ka6 52. Rb8 Rxb8 0-1

[Event "Charlesbourg Festival"]
[Site "Charlesbourg"]
[Date "2012.06.04"]
[Round "1"]
[White "Lamontagne, Danny"]
[Black "Tremblay, Charles"]
[Result "1/2-1/2"]
[WhiteElo "1883"]
[BlackElo "1497"]
[PlyCount "134"]
[EventDate "2012.06.04"]
[EventType "swiss"]
[EventRounds "5"]
[EventCountry "CAN"]
[SourceTitle "EXT 2022"]
[Source "ChessBase"]
[SourceDate "2021.10.06"]
[SourceVersion "1"]
[SourceVersionDate "2021.10.06"]
[SourceQuality "1"]

1. e4 c5 2. c3 Nc6 3. d4 d5 4. dxc5 dxe4 5. Qxd8+ Nxd8 6. Bb5+ Nc6 7. Ne2 e6 8. b4 Nge7 9. Nd2 f5 10. Nc4 Ng6 11. h4 h5 12. Nf4 Nxf4 13. Bxf4 Bd7 14. Nd6+ Bxd6 15. Bxd6 Kf7 16. Rd1 Ne5 17. Be2 Ng6 18. Bc4 a6 19. Bc7 Bc6 20. g3 Rhe8 21. 0-0 Rac8 22. Bd6 Kf6 23. Be2 Rh8 24. Rd2 e5 25. Ra1 f4 26. a4 f3 27. Bf1 Bd7 28. b5 axb5 29. axb5 Be6 30. Ra7 b6 31. c6 Ra8 32. Ra6 Ne7 33. Bxe7+ Kxe7 34. c7 Rhc8 35. Rd1 Rxa6 36. bxa6 Rxc7 37. Rb1 Rxc3 38. a7 Ra3 39. Kh2 Rxa7 40. Rxb6 Ra2 41. Rb7+ Kf6 42. Rb6 Rxf2+ 43. Kg1 e3 44. Bh3 Rd2 45. Rxe6+ Kf7 46. Rxe5 Rd1+ 47. Kh2 Rd2+ 48. Kg1 f2+ 49. Kf1 Rd1+ 50. Ke2 Re1+ 51. Kd3 Rd1+ 52. Kxe3 Re1+ 53. Kd4 Rd1+ 54. Ke4 Re1+ 55. Kd5 Rd1+ 56. Ke4 g6 57. Ke3 Re1+ 58. Kd4 Kf6 59. Re3 f1Q 60. Bxf1 Rxf1 61. Ke4 Rf5 62. Ra3 Re5+ 63. Kf4 Rf5+ 64. Ke4 Re5+ 65. Kd4 Ke6 66. Rf3 Rd5+ 67. Ke4 Re5+ 1/2-1/2

[Event "Quebec Montcalm op 4 2010-11"]
[Site "Quebec"]
[Date "2011.01.20"]
[Round "2"]
[White "Lamontagne, Danny"]
[Black "Bourassa, Andre"]
[Result "1/2-1/2"]
[WhiteElo "1710"]
[BlackElo "1783"]
[PlyCount "101"]
[EventDate "2011.01.13"]
[EventType "swiss"]
[EventRounds "5"]
[EventCountry "CAN"]
[SourceTitle "EXT 2022"]
[Source "ChessBase"]
[SourceDate "2021.10.06"]
[SourceVersion "1"]
[SourceVersionDate "2021.10.06"]
[SourceQuality "1"]

1. e4 c5 2. Ne2 Nc6 3. Nbc3 Nf6 4. g3 Nd4 5. Bg2 e5 6. d3 d6 7. 0-0 Be7 8. h3 0-0 9. Nd5 Nxe2+ 10. Qxe2 Nxd5 11. exd5 f5 12. f4 Bf6 13. c3 Re8 14. Qh5 g6 15. Qh6 Bg7 16. Qg5 Qb6 17. Kh2 Kf7 18. Qh4 Bf6 19. Qxh7+ Bg7 20. fxe5 dxe5 21. Qh4 Bd7 22. a4 Rh8 23. Qc4 Qd6 24. Qb3 b6 25. Bd2 Bf6 26. Rae1 g5 27. c4 Rh7 28. Re2 Rah8 29. Kg1 e4 30. dxe4 Bd4+ 31. Kh2 f4 32. gxf4 Rxh3+ 33. Bxh3 Rxh3+ 34. Qxh3 Bxh3 35. Kxh3 Qh6+ 36. Kg2 Qh5 37. fxg5+ Ke8 38. Rff2 Qg4+ 39. Kf1 Qh3+ 40. Ke1 Qd3 41. Bc3 Be3 42. Rxe3 Qxe3+ 43. Re2 Qxg5 44. Kd1 Qg1+ 45. Kc2 Qf1 46. Kd3 Qd1+ 47. Rd2 Qf3+ 48. Kc2 Qxe4+ 49. Kb3 Qf3 50. d6 Kd7 51. Rd5 1/2-1/2

[Event "Quebec Montcalm op 4th"]
[Site "Quebec"]
[Date "2010.02.11"]
[Round "5"]
[White "Bourassa, Andre"]
[Black "Lamontagne, Danny"]
[Result "1-0"]
[WhiteElo "1768"]
[BlackElo "1767"]
[PlyCount "91"]
[EventDate "2010.01.14"]
[EventType "tourn"]
[EventRounds "5"]
[EventCountry "CAN"]
[SourceTitle "EXT 2022"]
[Source "ChessBase"]
[SourceDate "2021.10.06"]
[SourceVersion "1"]
[SourceVersionDate "2021.10.06"]
[SourceQuality "1"]

1. d4 Nf6 2. c4 c5 3. d5 b5 4. cxb5 a6 5. bxa6 Bxa6 6. Nc3 g6 7. f3 Bg7 8. Nh3 d6 9. e4 Bxf1 10. Rxf1 0-0 11. Be3 Qb6 12. Rf2 Nbd7 13. Rc2 Ne5 14. Qe2 Qa6 15. Nf2 c4 16. Rd1 Rfb8 17. f4 Nd3+ 18. Nxd3 cxd3 19. Rxd3 Qa5 20. Kf1 Qb4 21. Rd4 Qb7 22. Rc4 Qd7 23. h3 Nh5 24. Kf2 e5 25. fxe5 Bxe5 26. a3 Qe7 27. Qg4 Qf6+ 28. Kg1 h6 29. Rf2 Qg7 30. Rc7 Nf6 31. Qf3 Rc8 32. Rxc8+ Rxc8 33. Rc2 Nd7 34. Bd2 Bd4+ 35. Kh1 Ne5 36. Qe2 Nc4 37. Nb5 Qf6 38. b3 Nb6 39. Rxc8+ Nxc8 40. Nxd4 Qxd4 41. Qe3 Qa1+ 42. Kh2 Qxa3 43. Bc3 Qa7 44. Qxh6 f6 45. Qxg6+ Qg7 46. Qxf6 1-0